[Event "II LIGA CENTRALNE SRBIJE-ISTOK"]
[Site "Leskovac"]
[Date "2014.09.27"]
[Round "5.2"]
[White "Raicevic, Ivica"]
[Black "Radovanovic, Nikola**"]
[Result "0-1"]
[WhiteElo "2269"]
[BlackElo "2348"]
[PlyCount "94"]
[EventDate "2014.09.25"]

1. c4 e6 2. Nc3 Nf6 3. Nf3 c5 4. d4 cxd4 5. Qxd4 Nc6 6. Qf4 Bb4 7. Bd2 O-O 8.
g3 d5 9. Bg2 d4 10. Ne4 Nxe4 11. Qxe4 Bxd2+ 12. Nxd2 f5 13. Qc2 e5 14. O-O Be6
15. b4 e4 16. Rfd1 Qf6 17. Qb2 Rad8 18. Rac1 Ne5 19. c5 d3 20. Rb1 dxe2 21. Re1
Nd3 22. Qxf6 Rxf6 23. Rxe2 Bxa2 24. Ra1 Nxb4 25. Nf1 Ra6 26. Rb2 Bd5 27. Rxa6
Nxa6 28. Rb5 Bc6 29. Ra5 Rd1 30. h4 Rc1 31. Kh2 Rxc5 32. Ra1 Rc2 33. Kg1 g6 34.
Ne3 Rd2 35. Bf1 Rd7 36. Ra5 Kg7 37. h5 Nb4 38. Rxa7 b5 39. Ra1 Nd5 40. hxg6
Nxe3 41. fxe3 hxg6 42. Ra6 Rc7 43. Rb6 Be8 44. Bxb5 Rc1+ 45. Kf2 Bxb5 46. Rxb5
Rc2+ 47. Kf1 Kf6 0-1

[Event "II LIGA CENTRALNE SRBIJE-ISTOK"]
[Site "Leskovac"]
[Date "2014.09.27"]
[Round "5.2"]
[White "Tosic, Nebojsa"]
[Black "Radovic, Luka**"]
[Result "0-1"]
[WhiteElo "2156"]
[BlackElo "2210"]
[PlyCount "38"]
[EventDate "2014.09.25"]

1. e4 c5 2. Nf3 d6 3. Bc4 Nf6 4. Nc3 a6 5. d4 cxd4 6. Nxd4 e6 7. Qe2 Qb6 8. Nb3
Be7 9. f4 O-O 10. g4 d5 11. Bd3 dxe4 12. Bc4 Bb4 13. Bd2 Qc6 14. Nd4 Qc5 15.
Nb3 Qc6 16. Nd4 Qd6 17. O-O-O e5 18. Nf5 Bxf5 19. gxf5 e3 0-1

[Event "II LIGA CENTRALNE SRBIJE-ISTOK"]
[Site "Leskovac"]
[Date "2014.09.27"]
[Round "5.2"]
[White "Radovic, Janko**"]
[Black "Trifunovic, Miroljub"]
[Result "1-0"]
[WhiteElo "2125"]
[BlackElo "2259"]
[PlyCount "79"]
[EventDate "2014.09.25"]

1. e4 c5 2. c3 d5 3. exd5 Qxd5 4. d4 e6 5. Nf3 cxd4 6. cxd4 Nf6 7. Be2 Be7 8.
O-O O-O 9. Be3 Nc6 10. Nc3 Qd8 11. Rc1 b6 12. Ne5 Nxe5 13. dxe5 Nd7 14. Qa4 Nc5
15. Qg4 f5 16. exf6 Rxf6 17. Rfd1 Qe8 18. Bf3 Bb7 19. Bxb7 Nxb7 20. Ne4 Rg6 21.
Qf3 Qf8 22. Qxf8+ Bxf8 23. Rc7 Na5 24. Bf4 e5 25. Bxe5 Re6 26. f4 Nc6 27. Ng5
Rg6 28. Bc3 h6 29. Nf3 Nb4 30. Rdd7 Nxa2 31. f5 Rg4 32. h3 Nxc3 33. hxg4 Nb5
34. Rc2 Re8 35. Rc6 Be7 36. Re6 Bc5+ 37. Kf1 Rf8 38. Rg6 Rf7 39. Ne5 Kf8 40.
Rxf7+ 1-0

[Event "II LIGA CENTRALNE SRBIJE-ISTOK"]
[Site "Leskovac"]
[Date "2014.09.27"]
[Round "5.2"]
[White "Zafirovski, Mite"]
[Black "Djuretanovic, Ivan"]
[Result "1-0"]
[WhiteElo "2260"]
[BlackElo "2024"]
[Annotator ",Micko"]
[PlyCount "68"]
[EventDate "2014.09.25"]

1. d4 Nf6 2. c4 e5 3. dxe5 Ne4 4. Nf3 b6 5. Nbd2 Bb7 6. e3 Nc5 7. Be2 Nc6 8. a3
a5 9. b3 d6 10. exd6 Bxd6 11. Bb2 O-O 12. Qc2 Re8 13. O-O Re6 14. Rfd1 Qe7 15.
Bf1 Re8 16. Re1 Rg6 17. g3 Ne5 18. Nxe5 Bxe5 19. Bxe5 Qxe5 20. Bg2 Bxg2 21.
Kxg2 Qh5 22. b4 Ne6 23. f4 Rh6 24. Nf3 Nf8 25. Rad1 Qh3+ 26. Kg1 Qg4 27. Ne5
Qe6 28. c5 Ng6 29. Nxg6 hxg6 30. e4 Rh5 31. e5 axb4 32. axb4 Qc6 33. Qe4 Qb5
34. cxb6 Qxb6+ {...} 1-0

[Event "II LIGA CENTRALNE SRBIJE-ISTOK"]
[Site "Leskovac"]
[Date "2014.09.27"]
[Round "5.2"]
[White "Lazic, Milan B"]
[Black "Maksimovic, Boban"]
[Result "0-1"]
[WhiteElo "1998"]
[BlackElo "2204"]
[PlyCount "60"]
[EventDate "2014.09.25"]

1. e4 e6 2. d4 d5 3. Nd2 dxe4 4. Nxe4 Nd7 5. Bd3 Ngf6 6. Qe2 Be7 7. Nf3 O-O 8.
O-O b6 9. Bg5 Bb7 10. Rad1 h6 11. Bh4 Nh5 12. Bxe7 Qxe7 13. Qe3 Ndf6 14. Nxf6+
Nxf6 15. c4 Qb4 16. a3 Qd6 17. Ne5 a5 18. g4 c5 19. dxc5 Qxc5 20. Qf4 Rad8 21.
h4 Kh8 22. Be2 Kg8 23. Rxd8 Rxd8 24. g5 Rd4 25. Qh2 hxg5 26. hxg5 Nd7 27. Bf3
Bxf3 28. Nxf3 Rg4+ 29. Kh1 Qc6 30. Qh3 Ne5 0-1

[Event "II LIGA CENTRALNE SRBIJE-ISTOK"]
[Site "Leskovac"]
[Date "2014.09.27"]
[Round "5.2"]
[White "Vasic, Milena *"]
[Black "Nikolic, Vladimir"]
[Result "0-1"]
[WhiteElo "2148"]
[BlackElo "1975"]
[PlyCount "67"]
[EventDate "2014.09.25"]

1. d4 d5 2. c4 Nc6 3. Nf3 Bg4 4. Bf4 dxc4 5. e3 e5 6. dxe5 Qxd1+ 7. Kxd1 O-O-O+
8. Kc1 b5 9. b3 Na5 10. bxc4 bxc4 11. Nfd2 Be6 12. Nc3 Ba3+ 13. Kc2 Ne7 14. Be2
Nec6 15. Rad1 a6 16. Nde4 Nb4+ 17. Kb1 Nd3 18. Bg5 Rd7 19. f4 h6 20. Bh4 c6 21.
Na4 Rb7+ 22. Ka1 Rb4 23. Nec3 Kc7 24. Rb1 Rhb8 25. Rxb4 Nxb4 26. Bd1 Nd5 27.
Nxd5+ cxd5 28. Bc2 Bd7 29. Rb1 Rb4 30. Be1 Rxb1+ 31. Kxb1 Nc6 32. Bc3 Nb4 33.
Bd4 Nxc2 34. Kxc2 0-1

[Event "II LIGA CENTRALNE SRBIJE-ISTOK"]
[Site "Leskovac"]
[Date "2014.09.27"]
[Round "5.2"]
[White "Dragojevic, Dragan"]
[Black "Milosevic, Jovana **"]
[Result "1-0"]
[WhiteElo "1966"]
[BlackElo "2038"]
[PlyCount "71"]
[EventDate "2014.09.25"]

1. e4 c5 2. f4 Nc6 3. Nf3 d6 4. c3 Nf6 5. d3 g6 6. Be2 Bg7 7. Na3 O-O 8. O-O d5
9. e5 Nd7 10. Qe1 Re8 11. Bd1 Nf8 12. Qf2 b6 13. Nc2 Ba6 14. Be2 f5 15. Bd2 Ne6
16. Rad1 d4 17. c4 b5 18. cxb5 Bxb5 19. b3 Qd7 20. Na3 Reb8 21. Nh4 Nc7 22. g4
e6 23. Qg2 Nd5 24. gxf5 gxf5 25. Nxb5 Rxb5 26. Bf3 Rd8 27. Kh1 Kh8 28. Rg1 Rb7
29. Rc1 Ncb4 30. Bxb4 Rxb4 31. Rxc5 Nxf4 32. Qd2 Qe7 33. Qxf4 Qxc5 34. Rxg7
Kxg7 35. Qg5+ Kf7 36. Bh5+ 1-0

[Event "II LIGA CENTRALNE SRBIJE-ISTOK"]
[Site "Leskovac"]
[Date "2014.09.27"]
[Round "5.5"]
[White "Djoric, Dusan"]
[Black "Trailovic, Mile"]
[Result "1/2-1/2"]
[WhiteElo "2273"]
[BlackElo "2128"]
[PlyCount "35"]
[EventDate "2014.09.25"]

1. Nf3 g6 2. c4 Bg7 3. d4 Nf6 4. Nc3 O-O 5. e4 d6 6. Be2 Nc6 7. d5 Nb8 8. O-O
h6 9. Nd4 e5 10. dxe6 fxe6 11. f4 c6 12. Rf3 e5 13. Nb3 b6 14. Qd2 Kh7 15. Rb1
Bg4 16. Rf1 Rg8 17. Bxg4 b5 18. Nxb5 1/2-1/2

[Event "II LIGA CENTRALNE SRBIJE-ISTOK"]
[Site "Leskovac"]
[Date "2014.09.27"]
[Round "5.5"]
[White "Vlajic, Sasa"]
[Black "Zlatanovic, Zoran"]
[Result "1/2-1/2"]
[WhiteElo "2133"]
[BlackElo "2154"]
[PlyCount "48"]
[EventDate "2014.09.25"]

1. Nf3 Nf6 2. g3 g6 3. b3 Bg7 4. Bb2 O-O 5. Bg2 d5 6. O-O c5 7. d3 Nc6 8. Nbd2
Qc7 9. e3 b6 10. d4 Rd8 11. Qe2 a5 12. Rfe1 a4 13. a3 Ba6 14. Qd1 Ne4 15. Bf1
Bxf1 16. Rxf1 b5 17. Qe2 Na7 18. Qd1 c4 19. bxc4 dxc4 20. Bc3 e5 21. Re1 exd4
22. Bxd4 Rd5 23. Re2 Rad8 24. Rc1 Qd6 1/2-1/2

[Event "II LIGA CENTRALNE SRBIJE-ISTOK"]
[Site "Leskovac"]
[Date "2014.09.27"]
[Round "5.5"]
[White "Nedeljkovic, Gojko"]
[Black "Dragic, Vladimir"]
[Result "0-1"]
[WhiteElo "2085"]
[BlackElo "2112"]
[PlyCount "39"]
[EventDate "2014.09.25"]

1. d4 Nf6 2. c4 e6 3. Nc3 d5 4. cxd5 exd5 5. Bg5 Be7 6. e3 O-O 7. Bd3 Nbd7 8.
Qc2 c6 9. Nf3 Re8 10. O-O Nb8 11. Ne5 Ne4 12. Bxe7 Qxe7 13. Rab1 f6 14. Nf3 Bg4
15. Nd2 f5 16. Ndxe4 fxe4 17. Be2 Bf5 18. Rfe1 Qg5 19. Red1 Nd7 20. Rd3 0-1

[Event "II LIGA CENTRALNE SRBIJE-ISTOK"]
[Site "Leskovac"]
[Date "2014.09.27"]
[Round "5.5"]
[White "Floricelovic, Milos*"]
[Black "Simic, Petar S **"]
[Result "1-0"]
[WhiteElo "2064"]
[BlackElo "1797"]
[PlyCount "41"]
[EventDate "2014.09.25"]

1. e4 c5 2. Nf3 d6 3. d4 cxd4 4. Nxd4 Nf6 5. Nc3 a6 6. Be3 e5 7. Nb3 Be6 8. f3
h5 9. Qd2 Nbd7 10. a4 Be7 11. a5 Qc7 12. Be2 O-O 13. O-O Rac8 14. Rfc1 Qc6 15.
Rd1 Rfd8 16. Re1 Re8 17. Nd5 Nxe4 18. Nc5 Bxd5 19. c4 Ndxc5 20. cxd5 Qd7 21. f4
1-0

[Event "II LIGA CENTRALNE SRBIJE-ISTOK"]
[Site "Leskovac"]
[Date "2014.09.27"]
[Round "5.5"]
[White "Miljkovic, Jovana **"]
[Black "Stanojevic, Dragoljub"]
[Result "1/2-1/2"]
[WhiteElo "1884"]
[BlackElo "1966"]
[PlyCount "50"]
[EventDate "2014.09.25"]

1. d4 d5 2. c4 Nf6 3. cxd5 Nxd5 4. Nf3 c6 5. e4 Nf6 6. Nc3 Bg4 7. Bc4 e6 8. Be3
Be7 9. O-O O-O 10. d5 cxd5 11. exd5 a5 12. dxe6 Nc6 13. Bf4 Qxd1 14. Rfxd1 Bxf3
15. gxf3 Rfd8 16. Nd5 Nxd5 17. Bxd5 Rac8 18. Be3 Ra8 19. Rac1 Rdc8 20. Be4 Bf6
21. Rd7 Rab8 22. Bf4 Ne5 23. Rdc7 Rxc7 24. Rxc7 a4 25. Rxb7 Rxb7 1/2-1/2

[Event "II LIGA CENTRALNE SRBIJE-ISTOK"]
[Site "Leskovac"]
[Date "2014.09.27"]
[Round "5.5"]
[White "Klcesko, Aleksandar**"]
[Black "Zlatanovic, Jovana **"]
[Result "1/2-1/2"]
[WhiteElo "1767"]
[BlackElo "1757"]
[PlyCount "33"]
[EventDate "2014.09.25"]

1. e4 c5 2. Nf3 d6 3. d4 cxd4 4. Nxd4 Nf6 5. Nc3 Nc6 6. Be3 e5 7. Nb3 Be6 8. f3
Be7 9. Nd4 Na5 10. Qd2 Nb3 11. axb3 Bd5 12. exd5 a6 13. Bc4 Nd7 14. Ne4 O-O 15.
O-O Rc8 16. Qf2 f5 17. Nd2 1/2-1/2

[Event "II LIGA CENTRALNE SRBIJE-ISTOK"]
[Site "Leskovac"]
[Date "2014.09.27"]
[Round "5.6"]
[White "Dinic, Dragan"]
[Black "Colic, Nikola"]
[Result "1/2-1/2"]
[WhiteElo "2310"]
[BlackElo "2209"]
[PlyCount "34"]
[EventDate "2014.09.25"]

1. e4 e6 2. d4 d5 3. Nc3 Bb4 4. Bd2 dxe4 5. Qg4 Nf6 6. Qxg7 Rg8 7. Qh6 Rg6 8.
Qh4 Bxc3 9. Bxc3 b6 10. O-O-O Bb7 11. Ne2 Nbd7 12. Qf4 Rg4 13. Qd2 Nd5 14. Ng3
Qh4 15. Qe1 Nxc3 16. Qxc3 O-O-O 17. Be2 Rgg8 1/2-1/2

[Event "II LIGA CENTRALNE SRBIJE-ISTOK"]
[Site "Leskovac"]
[Date "2014.09.27"]
[Round "5.6"]
[White "Petrovic, Petar R **"]
[Black "Majstorovic, Dusan"]
[Result "0-1"]
[WhiteElo "1722"]
[BlackElo "1969"]
[PlyCount "80"]
[EventDate "2014.09.25"]

1. e4 e5 2. Nf3 Nc6 3. Bb5 Nge7 4. d4 exd4 5. Nxd4 d6 6. O-O Bd7 7. Bg5 h6 8.
Bh4 g5 9. Bg3 Bg7 10. c3 Nxd4 11. Bxd7+ Qxd7 12. cxd4 Nc6 13. e5 dxe5 14. dxe5
Qxd1 15. Rxd1 Rd8 16. Re1 O-O 17. Na3 Rfe8 18. Re2 Nd4 19. Re3 c5 20. Rc1 Nf5
21. Rb3 b6 22. Nb5 Rd7 23. Ra3 Nxg3 24. hxg3 Bxe5 25. Rxa7 Rxa7 26. Nxa7 Ra8
27. Re1 Bxb2 28. Rb1 Rxa7 29. Rxb2 Ra6 30. Kf1 Kf8 31. Ke2 Ke7 32. g4 Kd6 33.
g3 Kc6 34. Ke3 Ra4 35. f3 c4 36. Rh2 Kc5 37. Rxh6 Rxa2 38. Ke4 Re2+ 39. Kf5 Re7
40. Rf6 Rb7 0-1

[Event "II LIGA CENTRALNE SRBIJE-ISTOK"]
[Site "Leskovac"]
[Date "2014.09.27"]
[Round "5.6"]
[White "Vidanovic, Ljubisa"]
[Black "Dinic, Vojislav"]
[Result "1-0"]
[WhiteElo "1816"]
[BlackElo "1938"]
[PlyCount "67"]
[EventDate "2014.09.25"]

1. d4 f5 2. g3 g6 3. Bg2 Nf6 4. c4 Bg7 5. Nc3 c6 6. d5 O-O 7. Nh3 Ng4 8. O-O
Kh8 9. e4 d6 10. Nf4 c5 11. h3 Ne5 12. Qe2 fxe4 13. Bxe4 Qe8 14. Nb5 Na6 15.
Ne6 Bxe6 16. dxe6 Nc6 17. a3 Qc8 18. Bg2 Nab8 19. Rb1 Nd8 20. Nxd6 exd6 21. e7
Re8 22. exd8=Q Qxd8 23. Bg5 Qd7 24. Qd2 Nc6 25. b4 Qc7 26. bxc5 dxc5 27. Qd5
Bd4 28. Rxb7 Qxb7 29. Qxc6 Qxc6 30. Bxc6 Rac8 31. Bxe8 Rxe8 32. Rd1 Re7 33. Rd2
Bxf2+ 34. Kg2 1-0

[Event "II LIGA CENTRALNE SRBIJE-ISTOK"]
[Site "Leskovac"]
[Date "2014.09.27"]
[Round "5.6"]
[White "Marjanovic, Toplica"]
[Black "Pavlovic, Branka *"]
[Result "0-1"]
[WhiteElo "1778"]
[BlackElo "1829"]
[PlyCount "49"]
[EventDate "2014.09.25"]

1. d4 Nf6 2. f4 e6 3. e3 c5 4. c3 b6 5. Nf3 Bb7 6. Be2 cxd4 7. cxd4 Be7 8. O-O
O-O 9. a3 d6 10. Nc3 Nbd7 11. Ng5 h6 12. Nf3 Rc8 13. Bd2 Re8 14. Rc1 a6 15. Bd3
Nf8 16. Qe2 b5 17. Na2 Qb6 18. h3 Nh5 19. Qe1 f5 20. Ba5 Qa7 21. Qf2 Nf6 22.
Nd2 Ba8 23. Be2 N6d7 24. Bf3 d5 25. Bxd5 0-1

[Event "II LIGA CENTRALNE SRBIJE-ISTOK"]
[Site "Leskovac"]
[Date "2014.09.27"]
[Round "5.4"]
[White "Popchev, Milko"]
[Black "Jovic, Stanoje"]
[Result "1/2-1/2"]
[WhiteElo "2240"]
[BlackElo "2294"]
[PlyCount "20"]
[EventDate "2014.09.25"]

1. Nf3 Nf6 2. g3 d5 3. Bg2 c5 4. O-O Nc6 5. d3 Bg4 6. Nbd2 e6 7. c3 Be7 8. e4
O-O 9. Qe2 b5 10. Re1 Qb6 1/2-1/2